| 000 | 00426nam a2200157Ia 4500 | ||
|---|---|---|---|
| 003 | GCL | ||
| 005 | 20240530100403.0 | ||
| 008 | 140319s9999 xx 000 0 eng d | ||
| 040 |
_aGCL / _cGCL |
||
| 082 | 0 | 4 |
_a770 _bW E |
| 100 | 1 | _aWALKER, RICHARD J. | |
| 245 | 1 | 0 |
_aEXPLORAING PHOTOGRAPHY / _cWALKER, RICHARD J. |
| 260 |
_a[S.N] : _bTHE GOOD HEART-WILLCOX COMPANY, INC ، _c983 |
||
| 650 | 0 | 4 | _aPHOTOGRAPHY |
| 942 |
_2ddc _cBK |
||
| 999 |
_c17226 _d17226 |
||